[Event "II Open A"]
[Site "San Marino SMR"]
[Date "2006.06.09"]
[Round "6"]
[White "Kuljasevic, Davorin"]
[Black "Svetushkin, Dmitry"]
[Result "0-1"]
[WhiteElo "2408"]
[BlackElo "2552"]
[PlyCount "84"]
[EventDate "2006.06.05"]

1. d4 d5 2. c4 c6 3. Nf3 Nf6 4. Nc3 e6 5. Bg5 Nbd7 6. cxd5 exd5 7. e3 Be7 8.
Bd3 Ne4 9. Bxe7 Qxe7 10. Bxe4 dxe4 11. Nd2 Nf6 12. Qc2 Bf5 13. O-O O-O 14. a3
Rfe8 15. Rfc1 h5 16. b4 a6 17. Qb2 h4 18. a4 Rad8 19. b5 h3 20. g3 axb5 21.
axb5 c5 22. Ne2 Bg4 23. Nb3 cxd4 24. Nexd4 Nd7 25. Rc7 Qf6 26. Rxb7 Ne5 27. Qb1
Nf3+ 28. Nxf3 Qxf3 29. Qf1 Rd3 30. Rb1 Rc8 31. Nd4 Rxd4 32. exd4 e3 33. Re7 e2
34. Rxe2 Qxe2 35. Qxe2 Bxe2 36. f4 Kf8 37. Kf2 Bg4 38. b6 Ke7 39. Rb5 g6 40.
Ke3 Kd6 41. d5 Bd7 42. Ra5 Rb8 0-1

[Event "II Open A"]
[Site "San Marino SMR"]
[Date "2006.06.09"]
[Round "6"]
[White "Massironi, Marco"]
[Black "Payen, Arnaud"]
[Result "0-1"]
[WhiteElo "2118"]
[BlackElo "2408"]
[PlyCount "54"]
[EventDate "2006.06.05"]

1. e4 g6 2. d4 Bg7 3. Nc3 c6 4. Bc4 d6 5. Qf3 e6 6. Nge2 Nd7 7. Bf4 Ngf6 8.
O-O-O Qe7 9. Bb3 e5 10. Bg5 h6 11. Bh4 O-O 12. h3 a6 13. g4 b5 14. g5 hxg5 15.
Bxg5 exd4 16. Nxd4 Bb7 17. Rhg1 c5 18. Nf5 gxf5 19. Bh6 Ng4 20. Bxg7 Qg5+ 21.
Kb1 Kxg7 22. hxg4 fxe4 23. Nxe4 Bxe4 24. Qxe4 c4 25. Bxc4 bxc4 26. Rxd6 Qe5 27.
Qc6 Rab8 0-1

[Event "II Open A"]
[Site "San Marino SMR"]
[Date "2006.06.09"]
[Round "6"]
[White "Naumkin, Igor"]
[Black "Delchev, Aleksander"]
[Result "1-0"]
[WhiteElo "2415"]
[BlackElo "2640"]
[PlyCount "105"]
[EventDate "2006.06.05"]

1. d4 Nf6 2. c4 e6 3. Nf3 d5 4. Nc3 c6 5. e3 a6 6. a3 Nbd7 7. b4 g6 8. Bb2 Bg7
9. h3 O-O 10. Bd3 Qe7 11. O-O dxc4 12. Bxc4 Nd5 13. Ne4 Rd8 14. Qb3 b6 15. Ned2
Bb7 16. Rfe1 Rab8 17. e4 Nc7 18. Rab1 e5 19. Qe3 b5 20. Ba2 exd4 21. Bxd4 Bxd4
22. Nxd4 c5 23. bxc5 Nxc5 24. N2f3 Nxe4 25. Qf4 Re8 26. Rxe4 Bxe4 27. Re1 Kg7
28. Rxe4 Qxe4 29. Qxf7+ Kh6 30. Qxc7 Rbc8 31. Qg3 Kg7 32. Qd6 Rcd8 33. Qc7+ Kh8
34. Ng5 Qe7 35. Nf7+ Kg7 36. Nxd8 Qxc7 37. N8e6+ Kf6 38. Nxc7 Re1+ 39. Kh2 Ra1
40. Bb3 Rxa3 41. f4 h5 42. g4 hxg4 43. hxg4 Ke7 44. Nd5+ Kd6 45. f5 gxf5 46. g5
Rxb3 47. Nxb3 Kxd5 48. Kg3 Ke5 49. Kh4 f4 50. Kh5 f3 51. g6 f2 52. Nd2 Kf6 53.
Kh6 1-0

[Event "II Open A"]
[Site "San Marino SMR"]
[Date "2006.06.09"]
[Round "6"]
[White "Vazquez Igarza, Renier"]
[Black "Manik, Mikulas"]
[Result "0-1"]
[WhiteElo "2517"]
[BlackElo "2450"]
[PlyCount "42"]
[EventDate "2006.06.05"]

1. d4 Nf6 2. Nf3 g6 3. Bg5 Bg7 4. Nbd2 O-O 5. e4 d5 6. e5 Ne4 7. Be3 c5 8. c3
Nc6 9. Nxe4 dxe4 10. Ng5 Qb6 11. Qb3 cxd4 12. cxd4 Bf5 13. Qxb6 axb6 14. Rg1 h6
15. g4 hxg5 16. gxf5 gxf5 17. Rxg5 f4 18. Bxf4 Nxd4 19. Rg3 Nc2+ 20. Kd1 Nxa1
21. Bh6 Kh7 0-1

[Event "II Open A"]
[Site "San Marino SMR"]
[Date "2006.06.09"]
[Round "7"]
[White "Bhat, Vinay S."]
[Black "Scalcione, Michelangelo"]
[Result "1-0"]
[WhiteElo "2409"]
[BlackElo "2255"]
[PlyCount "67"]
[EventDate "2006.06.05"]

1. d4 d6 2. Nf3 Bg4 3. c4 Nd7 4. g3 Bxf3 5. exf3 c6 6. Bg2 e6 7. d5 exd5 8.
cxd5 c5 9. O-O Be7 10. Re1 Ngf6 11. Qe2 Nxd5 12. f4 Nc7 13. f5 Kf8 14. Bxb7 Rb8
15. Bg2 Nb5 16. Nc3 Nd4 17. Qd1 Nb6 18. Bf4 a5 19. a4 g5 20. fxg6 hxg6 21. Nb5
Nxb5 22. axb5 g5 23. Bd2 Bf6 24. Rxa5 Bxb2 25. Ra7 Nc8 26. Rxf7+ Kxf7 27. Qb3+
Kf8 28. Qxb2 Rh6 29. Bc3 Qd7 30. Bc6 Qxc6 31. Bg7+ Kg8 32. Qa2+ Kxg7 33. bxc6
Rb6 34. Re8 1-0

[Event "II Open A"]
[Site "San Marino SMR"]
[Date "2006.06.09"]
[Round "7"]
[White "Borbjerggaard, Lars"]
[Black "Milanovic, Danilo"]
[Result "1-0"]
[WhiteElo "2375"]
[BlackElo "2513"]
[PlyCount "57"]
[EventDate "2006.06.05"]

1. d4 Nf6 2. Bg5 Ne4 3. Bf4 c5 4. f3 Qa5+ 5. c3 Nf6 6. d5 d6 7. e4 g6 8. Nd2
Qd8 9. a4 Bg7 10. Nc4 O-O 11. Qd2 Re8 12. Ne2 Na6 13. Bh6 Bxh6 14. Qxh6 e6 15.
dxe6 Bxe6 16. Nf4 Qe7 17. O-O-O Rad8 18. Ne3 Nc7 19. Bb5 Rf8 20. Qg5 Nfd5 21.
Qxe7 Nxe7 22. Bc4 Rd7 23. Rd2 Rfd8 24. Rhd1 Kg7 25. Nd3 Kf6 26. Bxe6 Kxe6 27.
Nf4+ Ke5 28. g3 d5 29. Ng4+ 1-0

[Event "II Open A"]
[Site "San Marino SMR"]
[Date "2006.06.09"]
[Round "7"]
[White "Borgo, Giulio"]
[Black "Brancaleoni, Maurizio"]
[Result "1-0"]
[WhiteElo "2414"]
[BlackElo "2286"]
[PlyCount "61"]
[EventDate "2006.06.05"]

1. e4 Nf6 2. e5 Nd5 3. d4 Nb6 4. a4 d6 5. Bb5+ c6 6. Bd3 dxe5 7. dxe5 Na6 8. a5
Nd5 9. c3 g6 10. h3 Bg7 11. Nf3 O-O 12. O-O f6 13. Qe2 Qc7 14. Re1 Nc5 15. Bc4
Kh8 16. Na3 Ne6 17. Nb5 Qb8 18. Nbd4 fxe5 19. Nxe6 Bxe6 20. Nxe5 Bxe5 21. Qxe5+
Qxe5 22. Rxe5 Bf7 23. Bg5 e6 24. Be2 Rfe8 25. c4 Nb4 26. Rd1 h6 27. Bxh6 Rad8
28. Bd2 Nd3 29. Bg5 Nxe5 30. Bxd8 Kg7 31. f4 1-0

[Event "II Open A"]
[Site "San Marino SMR"]
[Date "2006.06.09"]
[Round "7"]
[White "Brandenburg, Daan"]
[Black "Flores, Diego"]
[Result "1/2-1/2"]
[WhiteElo "2376"]
[BlackElo "2494"]
[PlyCount "93"]
[EventDate "2006.06.05"]

1. e4 c5 2. Nf3 e6 3. c3 Nf6 4. e5 Nd5 5. Bc4 Nb6 6. Bb3 d6 7. d4 dxe5 8. Nxe5
Nc6 9. Qf3 Qc7 10. Nxc6 Qxc6 11. Qxc6+ bxc6 12. Be3 cxd4 13. Bxd4 c5 14. Be5 f6
15. Bg3 h5 16. h4 c4 17. Bc2 Bb7 18. O-O O-O-O 19. Re1 e5 20. Re2 g5 21. hxg5
h4 22. Bh2 Rg8 23. Nd2 Rxg5 24. Be4 h3 25. Bxb7+ Kxb7 26. Bg3 hxg2 27. Nf3 Rg4
28. Kxg2 Nd5 29. Kf1 Bh6 30. Ke1 Bf4 31. Nh2 Rh8 32. Nf1 Rh1 33. Rd1 Kc6 34.
Re4 Bd2+ 35. Kxd2 Rxe4 36. f3 Rf4 37. Bxf4 Nxf4 38. b3 Rh3 39. Ke3 Nd5+ 40. Kf2
Nxc3 41. Rc1 Nxa2 42. Rxc4+ Kb5 43. Ra4 Nc1 44. Rxa7 Nxb3 45. Rf7 Rh6 46. Ne3
Nd4 47. Ng4 1/2-1/2

[Event "II Open A"]
[Site "San Marino SMR"]
[Date "2006.06.09"]
[Round "7"]
[White "Bruno, Fabio"]
[Black "Lagrotteria, Salvatore"]
[Result "1-0"]
[WhiteElo "2394"]
[BlackElo "2176"]
[PlyCount "61"]
[EventDate "2006.06.05"]

1. d4 d5 2. Nf3 Nf6 3. e3 e6 4. Nbd2 c5 5. c3 Nc6 6. Bd3 Qc7 7. O-O Be7 8. dxc5
Bxc5 9. Qe2 Bd7 10. e4 dxe4 11. Nxe4 Nxe4 12. Bxe4 Be7 13. Ng5 h6 14. Nf3 Bf6
15. Re1 g5 16. Be3 a6 17. Nd4 O-O-O 18. Qf3 Bxd4 19. Bxd4 f5 20. Bxc6 Bxc6 21.
Qe3 Rhe8 22. Bb6 Qd6 23. Bxd8 Qxd8 24. Rad1 Qa5 25. Rd6 e5 26. b4 Qxa2 27. Qb6
Ba4 28. h3 Qc2 29. Red1 Qxd1+ 30. Rxd1 Bxd1 31. Qc5+ 1-0

[Event "II Open A"]
[Site "San Marino SMR"]
[Date "2006.06.09"]
[Round "7"]
[White "Daurelle, Herve"]
[Black "De Santis, Alessio"]
[Result "1/2-1/2"]
[WhiteElo "2204"]
[BlackElo "2337"]
[PlyCount "78"]
[EventDate "2006.06.05"]

1. e4 d6 2. d4 Nf6 3. Nc3 c6 4. f4 Qa5 5. Bd3 d5 6. e5 Ne4 7. Bxe4 dxe4 8. Nge2
f5 9. d5 cxd5 10. Qxd5 Qxd5 11. Nxd5 Na6 12. Be3 e6 13. Ndc3 Bd7 14. O-O-O b6
15. Rd2 O-O-O 16. Rhd1 Be7 17. a3 Nc7 18. b4 h5 19. Kb2 h4 20. Kb3 Be8 21.
Rxd8+ Bxd8 22. Rd2 Be7 23. a4 Kb7 24. Nd4 Rg8 25. Ndb5 Bxb5 26. axb5 Rd8 27.
Rxd8 Bxd8 28. Ka4 Kc8 29. Nd1 Nd5 30. c4 Nxe3 31. Nxe3 g5 32. g3 hxg3 33. hxg3
gxf4 34. gxf4 Bh4 35. Ng2 Bf2 36. Kb3 Kd7 37. Kc3 Ke7 38. Kd2 Bd4 39. Ne3 Bxe3+
1/2-1/2

[Event "II Open A"]
[Site "San Marino SMR"]
[Date "2006.06.09"]
[Round "7"]
[White "Delorme, Axel"]
[Black "Abergel, Thal"]
[Result "0-1"]
[WhiteElo "2252"]
[BlackElo "2457"]
[PlyCount "56"]
[EventDate "2006.06.05"]

1. e4 c5 2. Nf3 Nc6 3. Bb5 d6 4. O-O Bd7 5. Re1 Nf6 6. c3 a6 7. Bf1 Bg4 8. d4
cxd4 9. cxd4 Bxf3 10. gxf3 d5 11. e5 Nh5 12. e6 fxe6 13. Bh3 g6 14. Bxe6 Bg7
15. Nc3 Bxd4 16. Bg5 Qd6 17. Nxd5 Bxf2+ 18. Kxf2 Qxh2+ 19. Ke3 Qe5+ 20. Kd3
Qxg5 21. Nc7+ Kf8 22. Nxa8 Kg7 23. Nc7 Rd8+ 24. Nd5 Nf4+ 25. Kc4 Ne5+ 26. Kb3
Nxe6 27. Rc1 Nc6 28. f4 Ned4+ 0-1

[Event "II Open A"]
[Site "San Marino SMR"]
[Date "2006.06.09"]
[Round "7"]
[White "Dimakiling, Oliver"]
[Black "Paragua, Mark"]
[Result "1/2-1/2"]
[WhiteElo "2452"]
[BlackElo "2617"]
[PlyCount "30"]
[EventDate "2006.06.05"]

1. e4 c5 2. Nf3 d6 3. Bb5+ Nc6 4. O-O Bd7 5. Re1 Nf6 6. d4 cxd4 7. Nxd4 Nxd4 8.
Bxd7+ Qxd7 9. Qxd4 e6 10. c4 Be7 11. Nc3 O-O 12. Bg5 Rfd8 13. b3 Qc6 14. Rac1
a6 15. h3 Rac8 1/2-1/2

[Event "II Open A"]
[Site "San Marino SMR"]
[Date "2006.06.09"]
[Round "7"]
[White "Gagunashvili, Merab"]
[Black "Ehlvest, Jaan"]
[Result "1-0"]
[WhiteElo "2560"]
[BlackElo "2607"]
[PlyCount "63"]
[EventDate "2006.06.05"]

1. d4 d5 2. c4 c6 3. Nf3 Nf6 4. e3 e6 5. Nc3 Nbd7 6. Bd3 dxc4 7. Bxc4 b5 8. Bd3
a6 9. e4 c5 10. e5 cxd4 11. Nxb5 Ng4 12. Nbxd4 Bb7 13. Qa4 Qb6 14. O-O Bc5 15.
Be2 Ra7 16. Nxe6 Bxf2+ 17. Kh1 fxe6 18. Qxg4 O-O 19. Bc4 Bd5 20. Bh6 Nc5 21.
Rxf2 Ne4 22. Re2 Nf2+ 23. Rxf2 Qxf2 24. Bxd5 exd5 25. e6 Qxb2 26. Re1 Qc3 27.
Bd2 Qc4 28. Qxc4 dxc4 29. e7 Re8 30. Bb4 c3 31. Nd4 Rd7 32. Rf1 1-0

[Event "II Open A"]
[Site "San Marino SMR"]
[Date "2006.06.09"]
[Round "7"]
[White "Goloshchapov, Alexander"]
[Black "Berkovich, Mark A."]
[Result "1-0"]
[WhiteElo "2556"]
[BlackElo "2392"]
[PlyCount "71"]
[EventDate "2006.06.05"]

1. e4 e5 2. Nf3 d6 3. d4 exd4 4. Nxd4 Nf6 5. Nc3 Be7 6. Bf4 O-O 7. Be2 Re8 8.
O-O Bf8 9. Bf3 Nbd7 10. g3 Ne5 11. Bg2 c6 12. h3 b5 13. g4 b4 14. Nce2 Bb7 15.
Nf5 Ng6 16. Bxd6 Nxe4 17. Bxf8 Kxf8 18. Neg3 Nxg3 19. fxg3 Qb6+ 20. Qd4 Red8
21. Qxb6 axb6 22. Rad1 Ne5 23. Nd6 Rd7 24. Nxb7 Rxb7 25. Rf4 Ra4 26. a3 Rba7
27. Rd8+ Ke7 28. Rdd4 c5 29. Rd5 f6 30. axb4 g5 31. Re4 Ke6 32. bxc5 Ra1+ 33.
Kf2 bxc5 34. Rxc5 Rd1 35. Rb5 Rc7 36. Re2 1-0

[Event "II Open A"]
[Site "San Marino SMR"]
[Date "2006.06.09"]
[Round "7"]
[White "Iordachescu, Viorel"]
[Black "Cocchi, Andrea"]
[Result "1-0"]
[WhiteElo "2601"]
[BlackElo "2333"]
[PlyCount "61"]
[EventDate "2006.06.05"]

1. e4 e6 2. d4 d5 3. Nc3 Bb4 4. e5 b6 5. a3 Bf8 6. Bb5+ Bd7 7. Bd3 c5 8. f4 Nc6
9. Nf3 f5 10. Be3 Nh6 11. Qd2 Be7 12. h3 a6 13. b3 Qc7 14. O-O Nf7 15. Rf2 Kd8
16. Ne2 Kc8 17. c4 dxc4 18. bxc4 cxd4 19. Nexd4 Nxd4 20. Nxd4 Nd8 21. c5 Bxc5
22. Rc1 Kb8 23. Nb3 Nb7 24. Nxc5 Nxc5 25. a4 Bxa4 26. Bxc5 bxc5 27. Qb2+ Kc8
28. Qa3 Bc6 29. Qxc5 Kd7 30. Rd2 Qa7 31. Bb5+ 1-0

[Event "II Open A"]
[Site "San Marino SMR"]
[Date "2006.06.09"]
[Round "7"]
[White "Kadziolka, Beata"]
[Black "Cuijpers, Frans Andre"]
[Result "1/2-1/2"]
[WhiteElo "2359"]
[BlackElo "2496"]
[PlyCount "55"]
[EventDate "2006.06.05"]

1. Nf3 d5 2. c4 c6 3. e3 Nf6 4. Qc2 e6 5. b3 Nbd7 6. Bb2 Bd6 7. Nc3 O-O 8. Be2
a6 9. Rg1 Qe7 10. g4 Ba3 11. g5 Ne8 12. Bxa3 Qxa3 13. h4 b5 14. Bd3 g6 15. h5
Ng7 16. hxg6 fxg6 17. Nh2 Qd6 18. Ng4 Nf5 19. Bxf5 gxf5 20. Nh6+ Kg7 21. Ne2
bxc4 22. bxc4 Rb8 23. Nf4 Ne5 24. Qc3 d4 25. exd4 Ng6 26. Nh5+ Kh8 27. Nf6 e5
28. d5 1/2-1/2

[Event "II Open A"]
[Site "San Marino SMR"]
[Date "2006.06.09"]
[Round "7"]
[White "Kuljasevic, Davorin"]
[Black "Ivanisevic, Ivan"]
[Result "0-1"]
[WhiteElo "2408"]
[BlackElo "2598"]
[PlyCount "46"]
[EventDate "2006.06.05"]

1. d4 Nf6 2. Nf3 d5 3. c4 e6 4. Nc3 c6 5. Bg5 dxc4 6. e4 b5 7. e5 h6 8. Bh4 g5
9. Nxg5 hxg5 10. Bxg5 Nbd7 11. g3 Rg8 12. h4 Rxg5 13. hxg5 Nd5 14. g6 Qa5 15.
gxf7+ Kd8 16. Qd2 b4 17. Nxd5 cxd5 18. Rh8 c3 19. bxc3 bxc3 20. Qg5+ Kc7 21.
Bd3 Ba6 22. Qe3 Rb8 23. Bxa6 Rb1+ 0-1

[Event "II Open A"]
[Site "San Marino SMR"]
[Date "2006.06.09"]
[Round "7"]
[White "Lanzani, Mario"]
[Black "Szymanski, Marcin"]
[Result "1/2-1/2"]
[WhiteElo "2347"]
[BlackElo "2412"]
[PlyCount "119"]
[EventDate "2006.06.05"]

1. e4 e6 2. d4 d5 3. Nc3 Bb4 4. e5 c5 5. dxc5 Nc6 6. Nf3 Nge7 7. Bd3 Ng6 8.
Bxg6 fxg6 9. O-O Bxc5 10. Be3 Be7 11. Nb5 O-O 12. c4 Bd7 13. Nd6 Rxf3 14. gxf3
Nxe5 15. f4 Nxc4 16. Nxc4 dxc4 17. Qd4 Bc6 18. Qxd8+ Bxd8 19. Bd4 Bd5 20. b3
cxb3 21. axb3 Bc7 22. Rxa7 Rb8 23. Rfa1 Bxf4 24. Ra8 Kf7 25. Rxb8 Bxb8 26. b4
Bd6 27. Bc5 Be5 28. Rd1 g5 29. Bd4 Bf6 30. Bc5 g4 31. Bd6 h5 32. Bc5 Be5 33.
Bd4 Bf6 34. Bc5 b5 35. Bd6 Kg6 36. Re1 Kf5 37. Re2 h4 38. Re1 Bd4 39. Bc5 Be5
40. Rxe5+ Kxe5 41. Be7 h3 42. Kf1 Ke4 43. Bd6 e5 44. Kg1 Bc4 45. Bc5 g6 46. Be3
Kf3 47. Bc5 Ke4 48. Bb6 Kd3 49. Bc5 Kc3 50. Bd6 Bd5 51. Bc5 e4 52. Bd6 g5 53.
Bc5 Kd3 54. Bb6 g3 55. hxg3 g4 56. Bc5 Kc3 57. Bd6 e3 58. fxe3 Kd3 59. Kh2 Kxe3
60. Bc5+ 1/2-1/2

[Event "II Open A"]
[Site "San Marino SMR"]
[Date "2006.06.09"]
[Round "7"]
[White "Laylo, Darwin"]
[Black "Sulskis, Sarunas"]
[Result "1/2-1/2"]
[WhiteElo "2406"]
[BlackElo "2497"]
[PlyCount "87"]
[EventDate "2006.06.05"]

1. c4 e5 2. g3 Nc6 3. Bg2 d6 4. Nc3 g6 5. Rb1 a5 6. a3 h5 7. Nf3 Nd4 8. e3
Nxf3+ 9. Bxf3 Bg7 10. h4 Nf6 11. d3 O-O 12. Bg2 c6 13. O-O Be6 14. e4 Qd7 15.
Bg5 b5 16. cxb5 cxb5 17. Qd2 Rfc8 18. Rfc1 Qb7 19. Bxf6 Bxf6 20. Nd5 Bd8 21.
Kh2 Rxc1 22. Rxc1 Rc8 23. b4 axb4 24. axb4 Kg7 25. Qb2 Rxc1 26. Qxc1 Bb6 27.
Nxb6 Qxb6 28. Qb2 Kf6 29. Bh3 Bxh3 30. Kxh3 Qc6 31. Qd2 d5 32. Qg5+ Ke6 33. f4
exf4 34. e5 Kd7 35. Qxf4 Ke8 36. Qd4 Ke7 37. g4 hxg4+ 38. Kxg4 Qe6+ 39. Kg3 Kf8
40. Qf4 Kg7 41. Qd4 Kh7 42. Qf4 Kg7 43. Qd4 Kh6 44. Qf4+ 1/2-1/2

[Event "II Open A"]
[Site "San Marino SMR"]
[Date "2006.06.09"]
[Round "7"]
[White "Manik, Mikulas"]
[Black "Psakhis, Lev B."]
[Result "1/2-1/2"]
[WhiteElo "2450"]
[BlackElo "2551"]
[PlyCount "21"]
[EventDate "2006.06.05"]

1. e4 c5 2. Nf3 e6 3. d4 cxd4 4. Nxd4 a6 5. Nc3 d6 6. g3 Bd7 7. Bg2 Nc6 8. a4
Nf6 9. O-O Be7 10. Be3 O-O 11. Nxc6 1/2-1/2

[Event "II Open A"]
[Site "San Marino SMR"]
[Date "2006.06.09"]
[Round "7"]
[White "Markowski, Tomasz"]
[Black "Milov, Vadim"]
[Result "0-1"]
[WhiteElo "2554"]
[BlackElo "2625"]
[PlyCount "66"]
[EventDate "2006.06.05"]

1. g3 d5 2. Nf3 Nc6 3. d4 g6 4. Bg2 Bg7 5. O-O e6 6. c4 Nge7 7. cxd5 exd5 8.
Nc3 O-O 9. e3 Nf5 10. b4 Nxb4 11. Qb3 c5 12. Ba3 a5 13. dxc5 Be6 14. Nd4 Nxd4
15. exd4 Bxd4 16. Rad1 Bxc3 17. Qxc3 Nc6 18. Qb2 Rb8 19. Rd2 d4 20. Rfd1 Re8
21. h3 Bf5 22. Kh2 Qf6 23. Qb6 Be4 24. f3 Bd5 25. Rxd4 Re2 26. Rxd5 Qxf3 27.
Rd8+ Rxd8 28. Rxd8+ Nxd8 29. Qxd8+ Kg7 30. Qd4+ f6 31. Qd7+ Kh6 32. Bc1+ g5 33.
Bxg5+ Kg6 0-1

[Event "II Open A"]
[Site "San Marino SMR"]
[Date "2006.06.09"]
[Round "7"]
[White "Nevednichy, Vladislav"]
[Black "Negi, Parimarjan"]
[Result "0-1"]
[WhiteElo "2582"]
[BlackElo "2445"]
[PlyCount "82"]
[EventDate "2006.06.05"]

1. e4 c5 2. Nf3 d6 3. Bb5+ Bd7 4. Bxd7+ Qxd7 5. O-O Nc6 6. c3 Nf6 7. d4 Nxe4 8.
d5 Ne5 9. Re1 Nxf3+ 10. Qxf3 Nf6 11. c4 e5 12. dxe6 fxe6 13. Nc3 Be7 14. Bg5
O-O-O 15. Rad1 Rhe8 16. Rd3 d5 17. cxd5 exd5 18. Rc1 d4 19. Bxf6 gxf6 20. Ne4
Kb8 21. b3 Qd5 22. Kf1 f5 23. Ng3 Bg5 24. Rcd1 Re5 25. Qxd5 Rdxd5 26. Ne2 Re7
27. g3 Kc7 28. h3 Kc6 29. f4 Bf6 30. g4 b5 31. g5 Bg7 32. Rc1 Kb6 33. h4 Rc7
34. Rb1 Kc6 35. Ng3 c4 36. bxc4 bxc4 37. Ra3 c3 38. Nh5 c2 39. Rc1 d3 40. Kg2
Bb2 41. Rxd3 Bxc1 0-1

[Event "II Open A"]
[Site "San Marino SMR"]
[Date "2006.06.09"]
[Round "7"]
[White "Pantsulaia, Levan"]
[Black "Rodshtein, Maxim"]
[Result "1-0"]
[WhiteElo "2611"]
[BlackElo "2483"]
[PlyCount "75"]
[EventDate "2006.06.05"]

1. Nf3 Nf6 2. c4 e6 3. g3 d5 4. Bg2 Be7 5. O-O O-O 6. b3 c5 7. cxd5 exd5 8. d4
Nc6 9. Bb2 Ne4 10. dxc5 Bxc5 11. Nc3 Be6 12. Na4 Be7 13. Rc1 Rc8 14. Nd4 a6 15.
Nxc6 bxc6 16. Qd3 c5 17. Qxa6 c4 18. Bxe4 dxe4 19. Rfd1 Qe8 20. Nb6 Qc6 21. Qa5
Rcd8 22. Nxc4 Rxd1+ 23. Rxd1 Ra8 24. Qc3 Bf6 25. Qe3 Bxc4 26. Bxf6 gxf6 27. Rc1
Rxa2 28. Rxc4 Qd5 29. Rxe4 Rb2 30. f3 h5 31. Qh6 Qb5 32. Kf1 Rb1+ 33. Kf2 Qb6+
34. Kg2 Rg1+ 35. Kh3 Qb5 36. Qxf6 Qd7+ 37. Kh4 Rh1 38. Kg5 1-0

[Event "II Open A"]
[Site "San Marino SMR"]
[Date "2006.06.09"]
[Round "7"]
[White "Parligras, Mircea-Emilian"]
[Black "Lamoureux, Charles"]
[Result "1-0"]
[WhiteElo "2543"]
[BlackElo "2376"]
[PlyCount "79"]
[EventDate "2006.06.05"]

1. e4 c5 2. Nf3 e6 3. d4 cxd4 4. Nxd4 a6 5. Bd3 Qb6 6. c3 Nc6 7. Nxc6 dxc6 8.
e5 Qc7 9. Qe2 b5 10. a4 Rb8 11. O-O Ne7 12. Nd2 h6 13. f4 Nf5 14. Ne4 Be7 15.
g4 Nh4 16. f5 h5 17. f6 gxf6 18. exf6 hxg4 19. Bf4 Qb6+ 20. Be3 Nf3+ 21. Qxf3
gxf3 22. Bxb6 Rxb6 23. a5 Rb8 24. fxe7 f5 25. Nd6+ Kxe7 26. Nxc8+ Rbxc8 27.
Rxf3 Rcd8 28. Re1 Kf6 29. Re2 Rh4 30. Bc2 c5 31. b3 b4 32. cxb4 cxb4 33. Bd3
Rd6 34. Bc4 e5 35. Rd3 Rc6 36. Rd7 e4 37. Ra7 Ke5 38. Rxa6 Rxa6 39. Bxa6 f4 40.
Bb7 1-0

[Event "II Open A"]
[Site "San Marino SMR"]
[Date "2006.06.09"]
[Round "7"]
[White "Payen, Arnaud"]
[Black "Guliyev, Namig"]
[Result "0-1"]
[WhiteElo "2408"]
[BlackElo "2580"]
[PlyCount "77"]
[EventDate "2006.06.05"]

1. e4 c5 2. Nf3 e6 3. b3 d6 4. Bb2 Nc6 5. g3 Nf6 6. Qe2 Be7 7. Bg2 O-O 8. O-O
e5 9. h3 Re8 10. c4 Bf8 11. Na3 a6 12. Nc2 Rb8 13. d3 b5 14. Nd2 bxc4 15. dxc4
Nd4 16. Qd3 a5 17. a4 Qb6 18. Bc3 d5 19. Na3 Nxe4 20. Nxe4 dxe4 21. Bxe4 Bxh3
22. Bxh7+ Kh8 23. Be4 f5 24. Bh1 e4 25. Qd1 Bg4 26. f3 Nxf3+ 27. Rxf3 Rbd8 28.
Qf1 exf3 29. Bxf3 Qxb3 30. Nb5 Re3 31. Bxg4 Rxg3+ 32. Kh2 Rxg4 33. Qxf5 Qxc4
34. Rf1 Rh4+ 35. Kg3 Rd3+ 36. Rf3 Rxf3+ 37. Qxf3 Kg8 38. Be5 Rh6 39. Nc7 0-1

[Event "II Open A"]
[Site "San Marino SMR"]
[Date "2006.06.09"]
[Round "7"]
[White "Pozzi, Enrico"]
[Black "Massironi, Marco"]
[Result "0-1"]
[WhiteElo "2223"]
[BlackElo "2118"]
[PlyCount "72"]
[EventDate "2006.06.05"]

1. e4 c5 2. Nf3 d6 3. Bb5+ Bd7 4. Bxd7+ Qxd7 5. O-O Nc6 6. c3 Nf6 7. Qe2 e6 8.
Rd1 Be7 9. d4 cxd4 10. cxd4 d5 11. e5 Ne4 12. Ne1 h6 13. Be3 O-O 14. f3 Ng5 15.
Nc3 Rac8 16. Nd3 Na5 17. Nc5 Qd8 18. f4 Nh7 19. Nb5 Nc4 20. Nxa7 Rxc5 21. dxc5
Nxe3 22. Qxe3 Qa5 23. b4 Qxa7 24. a4 Rc8 25. Kh1 Nf8 26. f5 Rd8 27. Qf3 Bg5 28.
Rd4 b6 29. cxb6 Qxb6 30. Rad1 exf5 31. Qxf5 Ne6 32. Rg4 g6 33. Qb1 Qf2 34. h4
Qe2 35. Rg3 Qxe5 36. Qd3 Bxh4 0-1

[Event "II Open A"]
[Site "San Marino SMR"]
[Date "2006.06.09"]
[Round "7"]
[White "Stopa, Jacek"]
[Black "So, Wesley"]
[Result "0-1"]
[WhiteElo "2469"]
[BlackElo "2254"]
[PlyCount "86"]
[EventDate "2006.06.05"]

1. Nf3 Nf6 2. c4 c5 3. Nc3 Nc6 4. g3 g6 5. Bg2 Bg7 6. O-O O-O 7. d4 cxd4 8.
Nxd4 Nxd4 9. Qxd4 d6 10. Rd1 Be6 11. Qh4 Rc8 12. Nd5 Qd7 13. Be3 b5 14. cxb5
Bxd5 15. Bxd5 Qxb5 16. Bf3 Rc4 17. Qg5 Qxb2 18. Qa5 Ng4 19. Bxa7 Ne5 20. Rab1
Nxf3+ 21. exf3 Qc2 22. Qe1 Bf6 23. Qd2 Qxd2 24. Rxd2 Ra4 25. Rb7 Kg7 26. Bb8
Rc8 27. Kg2 g5 28. Ra7 Rac4 29. Rb7 h5 30. a3 Ra4 31. Rd3 Rc2 32. Ra7 Rd4 33.
Rxd4 Bxd4 34. Rxe7 Rxf2+ 35. Kh3 Rxf3 36. Re2 Bc5 37. Rd2 Rxa3 38. Bxd6 Bxd6
39. Rxd6 Ra2 40. Rd3 g4+ 41. Kh4 Kg6 42. h3 Rh2 43. Rd6+ f6 0-1

[Event "II Open A"]
[Site "San Marino SMR"]
[Date "2006.06.09"]
[Round "7"]
[White "Sulava, Nenad"]
[Black "Mullon, Jean-Baptiste"]
[Result "1-0"]
[WhiteElo "2493"]
[BlackElo "2344"]
[PlyCount "37"]
[EventDate "2006.06.05"]

1. d4 d5 2. c4 dxc4 3. Nf3 Nf6 4. e3 e6 5. Bxc4 c5 6. O-O a6 7. Nc3 Nc6 8. Qe2
Qc7 9. Rd1 Be7 10. dxc5 Bxc5 11. b3 b5 12. Bd3 Nb4 13. Bb1 Bb7 14. Bb2 Rc8 15.
Ng5 Ba7 16. Nge4 Nxe4 17. Nxe4 Bb8 18. Nd6+ Kf8 19. Qg4 1-0

[Event "II Open A"]
[Site "San Marino SMR"]
[Date "2006.06.09"]
[Round "7"]
[White "Tiviakov, Sergei"]
[Black "Malakhatko, Vadim"]
[Result "1-0"]
[WhiteElo "2669"]
[BlackElo "2559"]
[PlyCount "93"]
[EventDate "2006.06.05"]

1. e4 e6 2. d4 d5 3. Nd2 c5 4. dxc5 Bxc5 5. Bd3 Nf6 6. Qe2 dxe4 7. Nxe4 Nbd7 8.
Nf3 Nxe4 9. Bxe4 Be7 10. c3 Nf6 11. Bc2 O-O 12. Bg5 Qa5 13. Ne5 Rd8 14. O-O h6
15. Bh4 Bd7 16. Rfe1 Be8 17. Bb3 Qc7 18. Bg3 Bd6 19. Rad1 Bxe5 20. Bxe5 Qe7 21.
Bd4 Bc6 22. Rd3 Rd7 23. Rg3 Rad8 24. Qe5 Rxd4 25. cxd4 a6 26. f4 Bd5 27. f5
Bxb3 28. Rxb3 Ng4 29. Qg3 Rxd4 30. h3 Nf6 31. fxe6 fxe6 32. Qb8+ Rd8 33. Qxb7
Qc5+ 34. Kh1 Qf2 35. Rg1 e5 36. Qc7 Rd5 37. Rf3 Qd4 38. Qc8+ Kf7 39. Rc1 e4 40.
Rg3 Rd7 41. Qh8 g5 42. Qxh6 e3 43. Re1 e2 44. Rf3 Qe5 45. Qh7+ Ke8 46. Qg6+ Ke7
47. Rxf6 1-0

[Event "II Open A"]
[Site "San Marino SMR"]
[Date "2006.06.09"]
[Round "7"]
[White "Valdes Romero, Leonardo"]
[Black "Vianello, Enrico"]
[Result "1-0"]
[WhiteElo "2374"]
[BlackElo "2094"]
[PlyCount "41"]
[EventDate "2006.06.05"]

1. Nf3 d5 2. c4 c6 3. g3 Nf6 4. Bg2 Bg4 5. Ne5 Bf5 6. cxd5 cxd5 7. Nc3 e6 8. g4
Bg6 9. h4 Bd6 10. d4 h6 11. Nxg6 fxg6 12. Qd3 Kf7 13. g5 hxg5 14. hxg5 Rxh1+
15. Bxh1 Ng8 16. Nxd5 Nc6 17. Qf3+ Ke8 18. Qe4 Qa5+ 19. Bd2 Bb4 20. Nxb4 Nxb4
21. Qxb7 1-0